00575nam a2200181Ia 4500003000900000008004100009040001300050040001300063041000800076100002300084245022100107250001100328260000800339260000900347300001000356490000600366700002100372IT-RoPAU120407s9999 xx 000 0 und d aIT-RoPAU cIT-RoPAU aita aGiov. B. Holzammer a"Manuale di storia biblica. 3 voll. - 1. Il Vecchio testamento. (2. ed.) - 2. Il Nuovo Testamento. Parte I: L’Evangelo di Gesù Cristo. Parte II: La Chiesa di Gesù Cristo nell’età apostolica. (2.ed.) " aTorino aSei c1935 c23 cm v1 aIgnazio Schuster